000 00955cab a2200277 4500
001 ABS56946
008 090401t1997 xxu||||| |||| 00| 0 eng d
035 _a(Sirsi) u98394
041 _aeng
100 _aLey, T.
245 _aDevon Earth Building Association: cob and the Building Regulations
260 _c1997
350 _a0
490 _aStructural Survey
_v15(1) 1997, 42-49(8)
520 _aDiscusses cobs in relation to the English and Welsh Building Regulations. Presents findings to do with new building, alteration and extension to existing buildings, and the material change of use of cob buildings.
650 _aALTERATIONS
650 _aBUILDING REGULATIONS
_96224
650 _aCOB BUILDINGS
650 _aDEVON EARTH BUILDING ASSOCIATION
650 _aEXTENSIONS
650 _aMATERIAL CHANGE OF USE
690 _aBUILDING AND CONSTRUCTION-REGULATIONS
700 _aWidgery, M.
942 _n0
948 _c27/05/1997
999 _c59792
_d59792